1476 1074 1579 1161 1678 1140 1430 1513 1226 1093 1989 1507 1065 1703 1640 1445 1859 1792 1101 1095 1137 1807 1919 1881 1641 1561 1784 1606 1516 1592 1316 1271 1557 1612 1015 1439 1942 1720 1566 1004 1575 1837 1633 1206 1752 1305 1837 1243 1639 1052 1561 1808 1738 1363 1128 1511 1932 1060 1791 1713 1066 1611 1594 1296 1708 1889 1840 1773 1223 1882 1503 1054 1740 2000 1383 1072 1730 1351 1537 1558 1996 1514 1141 1413 1422 1716 1686 1359 1886 1957 1071 1717 1713 1125 1717 1494 1129 1548 1295 BCNSPRNW ULIB Ver.6.0+V

เปลี่ยนเป็นภาษาไทย

Change to English
 แสดงรายละเอียดบรรณานุกรม
  กลับหน้าหลัก

Brief Record : Get Marc (ISO 2709) : E-mail record : QR code < ปิดหน้าต่าง
LEADER : 00000nam 2200000uu 4500
001    13399127315
003     ULIB
008    200415s2562||||th 000 0 tha d
020    ^a9786168212226
060 04 ^aWY160.5^bส663ห
100 0  ^aสายสมร พุ่มพิศ
245 10 ^aหนังสือคู่มือการพยาบาลโรคพาร์กินสัน =^bParkinson s disease nursinghandbook /^cสายสมร พุ่มพิศ, กมลวรรณ บุญเพ็ง, รุ่งโรจน์ พิทยศิริ
246 31 ^aParkinson s disease nursing handbook
250    ^aพิมพ์ครั้งที่ 2
260    ^aกรุงเทพฯ :^bศูนย์ความเป็นเลิศทางการแพทย์โรคพาร์กินสันและกลุ่มโรคความเคลื่อนไหวผิดปกติ โรงพยาบาลจุฬาลงกรณ์ สภากาชาดไทย,^c2562
300    ^a240 หน้า :^bภาพประกอบสี ;^c26 ซม.
650  4 ^aโรคพาร์กินสัน
700 0  ^aกมลวรรณ บุญเพ็ง
700 0  ^aรุ่งโรจน์ พิทยศิริ
710 2  ^aศูนย์ความเป็นเลิศทางการแพทย์โรคพาร์กินสันและกลุ่มโรคความเคลื่อนไหวผิดปกติ.^bโรงพยาบาลจุฬาลงกรณ์.^bสภากาชาดไทย
945    ^p359^l0^i006814
945    ^p359^l0^i006815
945    ^p359^l0^i006816
945    ^p359^l0^i006817
945    ^p359^l0^i006818
999    ^aประนอม เกษจรัล
รายการนี้ยังไม่มีแท็ก
คุณยังไม่ได้ล็อกอิน คุณสามารถมีกิจกรรมร่วมกับเว็บไซต์ได้ แต่ต้องล็อกอินก่อน ::
  ล็อกอิน

รายการสื่อสารสนเทศ

ลำดับที่ ประเภท เลขเรียก/บาร์โค้ด สถานที่ สถานะ
1. Book การพยาบาล
หนังสือสำรอง
สถานะ=หนังสือสำรอง
WY160.5 ส663ห ฉ.1 
  Barcode: 006814
ห้องสมุดวิทยาเขตสวรรค์ประชารักษ์
►หนังสือทั่วไป
บนชั้น
2. Book การพยาบาล
Book การพยาบาล
WY160.5 ส663ห ฉ.2 
  Barcode: 006815
ห้องสมุดวิทยาเขตสวรรค์ประชารักษ์
►หนังสือทั่วไป
บนชั้น
3. Book การพยาบาล
Book การพยาบาล
WY160.5 ส663ห ฉ.3 
  Barcode: 006816
ห้องสมุดวิทยาเขตสวรรค์ประชารักษ์
►หนังสือทั่วไป
บนชั้น
4. Book การพยาบาล
Book การพยาบาล
WY160.5 ส663ห ฉ.4 
  Barcode: 006817
ห้องสมุดวิทยาเขตสวรรค์ประชารักษ์
►หนังสือทั่วไป
บนชั้น
5. Book การพยาบาล
Book การพยาบาล
WY160.5 ส663ห ฉ.5 
  Barcode: 006818
ห้องสมุดวิทยาเขตสวรรค์ประชารักษ์
►หนังสือทั่วไป
บนชั้น

รายการใกล้เคียง
    ผู้แต่ง [สายสมร พุ่มพิศ]

    หัวเรื่อง [โรคพาร์กินสัน]

BibComment


ยังไม่เคยถูกคอมเมนท์

คอมเมนท์ทรัพยากรรายการนี้
  คอมเมนท์: หนังสือคู่มือการ..


 Copyright 2026. Bcnsprnw @Library